000 01098nam a2200313 i 4500
003 DO-SdBNP
005 20251125132837.0
007 ta
008 210216e2020 dr ao||er|||| 00| fdspa d
020 _a9789945613230
040 _aDO-SdBNP
_bspa
_cBNPHU
_erda
041 _aspa
082 4 _a RD863.44
_bD676b 2020
_222
100 1 _aDonastorg, Tarquino,
_d1906 -1989
_eautor
_4aut.
_925139
245 1 0 _aBatey /
_cTarquino Donastorg ; prólogo, Manuel A. Richiez Acevedo.
264 4 _aSanto Domingo :
_bArchivo General de la Nación ;
_c©2020.
300 _a122 páginas :
_bilustraciones ;
_c22 cm.
336 _atexto
_btxt
_2rdacontent
337 _asin mediación
_bn
_2rdamedia
338 _avolumen
_bnc
_2rdacarrier
490 0 _aColección Juvenil
_v19
500 _aIncluye datos biográficos del autor en la solapa de la cubierta
590 _aInventariado, 2021/MFF
650 4 _aNovela dominicana
_9223
650 4 _aLiteratura dominicana.
_967
700 _aRichiez Acevedo, Manuel A.,
_4pr.
_eprologuista
_928922
910 _aValidado. Control de calidad MFF
942 _2ddc
_cLBS1
999 _c49383
_d49383